000 00763nam a2200241 i 4500
001 000038115
003 DO-SdBNP
005 20231229071427.0
007 ta
008 130314d194u dr 000 0 spa d
040 _aDO-SdBNP
_bspa
_cBNPHU
_erda
082 _222
_bH565
100 _aHerrera Bornia, Orestes
_914442
245 1 3 _aEl servicio social como base del bienestar y felicidad del niño /
_cOrestes Herrera Bornia.
264 1 _aCiudad Trujillo :
_bSecretaría de Estado de Previsión Social,
_bStella,
_c[194-].
300 _a20 páginas
_c22 cm.
336 _2rdacontent
_atexto
_btxt
337 _2rdamedia
_asin mediación
_bn
338 _2rdacarrier
_avolumen
_bnc
590 _aInventariado, 2023/ YL
910 _aYLockward
942 _2ddc
_cLF2
999 _c37605
_d37605